| 000 | 00507nam a2200145Ia 4500 | ||
|---|---|---|---|
| 008 | 140724s9999 xx 000 0 und d | ||
| 050 |
_aT 58.4 _b.Su944 2010 |
||
| 100 | _aSuelila, Rolf Lemuel B. | ||
| 245 |
_aAutomated timekeeping and payroll system of Rentokil Initial / _cRolf Lemuel B. Suelila. |
||
| 260 |
_aLas PiƱas, Philippines : _bSouthville International School and Colleges, _cc2010. |
||
| 300 |
_a37 p. : _bill. ; _c28 cm. |
||
| 521 | _aInformation Technology | ||
| 942 | _cTH | ||
| 999 |
_c229100 _d229100 |
||